000 01030cam a22002773a 4500
001 3461
003 PGUSA
005 20140828083032.0
008 021001s2002||||xxu|||||s|||||000 | eng d
040 _aPGUSA
_beng
042 _adc
050 4 _aPR
100 1 _aButler, Samuel,
_d1835-1902
245 1 0 _aEssays on Life, Art and Science
_h[electronic resource] /
_cSamuel Butler
260 _bProject Gutenberg,
_c2002
505 0 _aIntroduction -- Quis desiderio...? -- Ramblings in Cheapside -- The aunt, the nieces and the dog -- How to make the best of life -- The sanctuary of Montrigone -- A medieval girl school -- Art in the valley of Saas -- Thought and language -- The deadlock in Darwinism.
506 _aPublic domain in the USA.
516 _aElectronic text
653 _aArt criticism
653 _aEvolution
653 _aScience
700 1 _aStreatfeild, R. A.
_q(Richard Alexander),
_d1866-1919
830 0 _aProject Gutenberg
_v3461
856 4 0 _uhttp://www.gutenberg.org/ebooks/3461
942 _cEB
999 _c232790
_d232790